Rome and Vatican
Αποθηκεύτηκε σε:
| Κύριος συγγραφέας: | |
|---|---|
| Μορφή: | Βιβλίο |
| Γλώσσα: | English |
| Δημοσίευση: |
Narni-Terni :
Plurigraf,
1985
|
| Θέματα: | |
| Ετικέτες: |
Προσθήκη ετικέτας
Δεν υπάρχουν, Καταχωρήστε ετικέτα πρώτοι!
|
MARC
| LEADER | 00000cam a2200000 i 4500 | ||
|---|---|---|---|
| 001 | 1/46792 | ||
| 008 | 140507s1985 eng d | ||
| 035 | |l 10117542 | ||
| 040 | |a GR-MY-UA |b gre |e aacr | ||
| 041 | 0 | |a eng | |
| 082 | 0 | |a 914.563 |2 (23) | |
| 100 | 1 | |a Santini, Loretta. | |
| 245 | 1 | 0 | |a Rome and Vatican / |c Loretta Santini |
| 260 | |a Narni-Terni : |b Plurigraf, |c 1985 | ||
| 300 | |a 121 σ.; |b έγχρ. εικ.; |c 24 εκ. | ||
| 651 | 0 | |a Rome (Italy) |x Guidebooks. | |
| 651 | 0 | |a Vatican City |x Guidebooks. | |
| 852 | |a INST |b SYROS |e 20140507 |h 914.563 SAN |p 005500011398 |q 005500011398 |t REF |y 23 | ||
| 901 | |a BIBL5-2014-1 | ||
| 909 | |a Ε |b 186849 | ||
| 970 | |a ΚΟΝΤΟΥ |b ΠΑΡΑΣΚΕΥΗ |z 2014/05/07 | ||